00442pam a2200145 a 4500020000500000041000800005082000800013100001600021245004600037260003700083300001300120930001000133999001700143952013600160 c aeng bMIT aMittal RL . aLibrary Admisistraion hTextual Documents aNew Delhi :bMetropolitan Book . a840 pg . a16832 c93732d93732 001040708General aYMPbYMPd2022-03-28eDiamond Publicationg160.00l0o MITpYMP-13789r2023-02-24 00:00:00t1w2023-02-24yBK